000 00302nam a22001217a 4500
008 181011b xxu||||| |||| 00| 0 eng d
041 _aeng
080 _a030
100 _a23
101 _aENC
245 _aDarwin, Lavoisier, William James, Freud, Gilbert.
_cBritannica Great Books
942 _2udc
_cBK
999 _c49437
_d49437